| 000 -LEADER |
| fixed length control field |
00681cam a2200217 a 4500 |
| 001 - CONTROL NUMBER |
| control field |
16977565 |
| 005 - DATE AND TIME OF LATEST TRANSACTION |
| control field |
20220929104925.0 |
| 008 - FIXED-LENGTH DATA ELEMENTS--GENERAL INFORMATION |
| fixed length control field |
110926s2013 njua b 001 0 eng |
| 020 ## - INTERNATIONAL STANDARD BOOK NUMBER |
| International Standard Book Number |
9789332535039 |
| 041 ## - LANGUAGE CODE |
| Language code of text/sound track or separate title |
eng |
| 080 ## - UNIVERSAL DECIMAL CLASSIFICATION NUMBER |
| Universal Decimal Classification number |
621.38+519.85 O-63 |
| 100 1# - MAIN ENTRY--PERSONAL NAME |
| Personal name |
Oppenheim, Alan V., |
| Dates associated with a name |
1937- |
| 9 (RLIN) |
8494 |
| 245 10 - TITLE STATEMENT |
| Title |
Discrete-time signal processing / |
| Statement of responsibility, etc. |
Alan V. Oppenheim, Ronald W. Schafer. |
| 250 ## - EDITION STATEMENT |
| Edition statement |
3rd ed. |
| 264 ## - PRODUCTION, PUBLICATION, DISTRIBUTION, MANUFACTURE, AND COPYRIGHT NOTICE |
| Place of production, publication, distribution, manufacture |
Upper Saddle River : |
| Name of producer, publisher, distributor, manufacturer |
Pearson, |
| Date of production, publication, distribution, manufacture, or copyright notice |
2013. |
| 300 ## - PHYSICAL DESCRIPTION |
| Extent |
1108 p. : |
| Other physical details |
ill. ; |
| Dimensions |
25 cm. |
| 653 ## - INDEX TERM--UNCONTROLLED |
| keyword |
ინჟინერია |
| 653 ## - INDEX TERM--UNCONTROLLED |
| keyword |
მათემატიკა |
| 700 1# - ADDED ENTRY--PERSONAL NAME |
| Personal name |
Schafer, Ronald W., |
| Dates associated with a name |
|
| Relator term |
ავტორი |
| 9 (RLIN) |
8497 |
| 942 ## - ADDED ENTRY ELEMENTS (KOHA) |
| Source of classification or shelving scheme |
|
| Koha item type |
წიგნი |